Per Sant Jordi, sortim al carrer amb tu!

Publicat: Barcelona : Diputació de Barcelona , 2025
Descripció física: 1 punt de llibre : il·lustració color ; 19 x 5 cm
Idioma: Català

MARC

LEADER 00000nrm a22000007a 4500
001 29364
003 AGDB
005 20260324181547.0
008 260211b spa||||| |||| 00| 0 cat d
017 |a B 9037-2025 
040 |a agdb  |b cat 
245 |a Per Sant Jordi, sortim al carrer amb tu! 
260 |a Barcelona :   |b Diputació de Barcelona,  |c 2025 
300 |a 1 punt de llibre :  |b  il·lustració color ;  |c 19 x 5 cm 
500 |a Punts de llibre editats per la Llibreria de la Diputació, en motiu de la festivitat de Sant Jordi. 
650 0 |a Objectes publicitaris  |9 54098 
655 0 |a Punts de llibre   |9 52700 
710 |a Barcelona (Catalunya : Província).  |b Llibreria  |9 52413 
710 1 |a Barcelona (Catalunya : Província).  |b Diputació  |9 52408 
942 |2 udc  |c ARXIU  |n 1 
952 |0 0  |1 0  |2 udc  |4 0  |6 NBM2114  |7 1  |9 99131  |a Arxiu  |b Arxiu  |d 2026-02-11  |l 0  |o NBM-21-14  |p 29364  |r 2026-02-11 12:30:51  |w 2026-02-11  |y ARXIU 
999 |c 130786  |d 130786